000 00864cam a22002777a 4500
003 CHAP
005 20220329140030.0
008 971013s1993 r 00010 d
010 _a45925
011 _a46897
035 _a51038
040 _cCHAP
082 _a630.987
_bA3
100 0 0 _aAbreu O., Edgar.
_9317
245 1 3 _aLa agricultura
_b: componente básico del sistema alimentario venezolano
260 _aCaracas :
_bFundación Polar,
_c1993
300 _a432 p.
590 _aBATCH-UPD
_b10
_c20130110
_lUCH01
_h2126
590 _aBATCH-UPD
_b10
_c20130410
_lUCH01
_h1436
590 _aCONVERSION
_b10
_c20130109
_lUCH01
_h1325
650 1 4 _aAgricultura
_xAspectos economicos
_xVenezuela.
_91303
650 1 4 _aAgricultura
_xVenezuela.
_91898
901 _aBK
942 _cLIBRO
949 _a630.987 A3
_bBC
_cLIBRO
_d33724000010583
_eLIBRO
_h89539
_i51038
_mD
_si
999 _c45925
_d45925